000 00768nam a2200229 u 4500
001 000026594
005 20260420170825.0
008 090708s2002 dr r 001 0 spa d
040 _aDO-SdBNP
_bspa
_cBNPHU
082 _a340.115
_bH557
100 1 _aHernández, Pedro Pablo.
_910463
245 1 0 _aIntroducción al estudio de la sociología del derecho /
_cPedro Pablo Hernández.
250 _a2a ed.
260 _aSanto Domingo
_fEditora Centenario
_bPapelería La Filantropica,
_c2002.
300 _a310 p ;
_c21cm.
504 _aBibliografía: 299 -303
500 _aIncluye datos biográficos del autor en la solapa
650 0 _aJurisprudencia sociológica
_94071
650 0 _aJurisprudencia
_910464
650 0 _aProblemas sociales
_99290
049 _aBNPD
999 _c26086
_d26086